000 00739nam a2200229Ia 4500
008 160319s9999 xx 000 0 und d
050 _aFIL KPM 953.5
050 _b.S83 1998 c.1
100 _aSuarez, Carlos B.
245 4 _aThe Law on partnerships and private corporations for business students /
245 _cCarlos B. Suarez.
260 _aManila:
260 _bGIC Enterprises and Co,. Inc.
260 _c1998
300 _a542 pages :
300 _billustrations ;
300 _c22 cm.
500 _aIncludes bibliographical references.
650 _aCorporate law -- Law and legislation -- Philippines.
650 _aPartnership -- Philippines.
650 _xJoint ventures -- Law and legislation -- Philippines.
999 _c291552
_d291552